Statistics for All Country Tripoints by Initials of Bordering Countries on the World Map in 2 Minutes

Click here to take the quiz!

General Stats

  • This quiz has been taken 152 times
  • The average score is 102 of 169

Answer Stats

Lat Lon A B C Countries Tripoint % Correct
-2.752.903.333.333BurundiDemocratic Republic of the CongoRwandaBurundi/Democratic Republic of the Congo/Rwanda/BURU DRC RWA
90%
-2.223.333.333-62.65ArgentinaBoliviaParaguayArgentina/Bolivia/Paraguay/ARG BOL PAR
90%
-1.383.333.33329.06.00Democratic Republic of the CongoRwandaUgandaDemocratic Republic of the Congo/Rwanda/Uganda/DRC RWA UGA
90%
-255.925-5.459.361.111ArgentinaBrazilParaguayArgentina/Brazil/Paraguay/ARG BRA PAR
90%
5.211.611.1113.178.055.556BelarusRussiaUkraineBelarus/Russia/Ukraine/BELA RUS UKR
89%
-4.683.333.33313.01AngolaDemocratic Republic of the CongoRepublic of the CongoAngola/Democratic Republic of the Congo/Republic of the Congo/ANG DRC ROC
88%
4.861.638.8890,731944444AustriaCzech RepublicSlovakiaAustria/Czech Republic/Slovakia/AUSTRI CZE SLOVA
87%
2.788.333.3338.813.333.333ChinaIndiaNepalChina/India/Nepal/ (E)CHIN INDI NEP (E)
84%
30.02.008.103.333.333ChinaIndiaNepalChina/India/Nepal/ (W)CHIN INDI NEP (W)
84%
-2.280.833.333-6.717.777.778ArgentinaBoliviaChileArgentina/Bolivia/Chile/ARG BOL CHIL
84%
4.826.388.8892.662.527.778MoldovaRomaniaUkraineMoldova/Romania/Ukraine/ (N)MOL ROM UKR (N)
83%
4.546.666.6672.821.333.333MoldovaRomaniaUkraineMoldova/Romania/Ukraine/ (S)MOL ROM UKR (S)
83%
3.053.086.666.667Democratic Republic of the CongoSouth SudanUgandaDemocratic Republic of the Congo/South Sudan/Uganda/DRC S.SUD UGA
83%
3.703.333.3337.456.666.667AfghanistanChinaPakistanAfghanistan/China/Pakistan/AFG CHIN PAK
82%
-3.018.333.333-57.6ArgentinaBrazilUruguayArgentina/Brazil/Uruguay/ARG BRA URU
81%
47.05.009.606.666.667AustriaLiechtensteinSwitzerlandAustria/Liechtenstein/Switzerland/ (S)AUSTRI LIE SWI (S)
81%
4.726.666.6679.530.277.778AustriaLiechtensteinSwitzerlandAustria/Liechtenstein/Switzerland/ (N)AUSTRI LIE SWI (N)
81%
4.652.277.7781.371.416.667AustriaItalySloveniaAustria/Italy/Slovenia/AUSTRI ITA SLOVE
79%
4.685.444.4441.046.888.889AustriaItalySwitzerlandAustria/Italy/Switzerland/AUSTRI ITA SWI
79%
3.716.666.6676.778.333.333AfghanistanTajikistanUzbekistanAfghanistan/Tajikistan/Uzbekistan/AFG TAJ UZB
79%
37.35.0066.55.00AfghanistanTurkmenistanUzbekistanAfghanistan/Turkmenistan/Uzbekistan/AFG TURKM UZB
79%
-1.088.333.3332.398.333.333AngolaDemocratic Republic of the CongoZambiaAngola/Democratic Republic of the Congo/Zambia/ANG DRC ZAM
79%
3.723.333.3337.488.333.333AfghanistanChinaTajikistanAfghanistan/China/Tajikistan/AFG CHIN TAJ
78%
25-4.833.333.333AlgeriaMaliMauritaniaAlgeria/Mali/Mauritania/ALG MALI MAURITA
78%
27.03.00-8.666.666.667AlgeriaMauritaniaMoroccoAlgeria/Mauritania/Morocco/ALG MAURITA MOR
78%
4.260.194.4441.442.222.222AndorraFranceSpainAndorra/France/Spain/ (W)AND FRA SPA (W)
77%
425.0251.724.444.444AndorraFranceSpainAndorra/France/Spain/ (E)AND FRA SPA (E)
77%
2.821.666.66797.35.00ChinaIndiaMyanmarChina/India/Myanmar/CHIN INDI MYA
77%
3.023.333.3339.533.333.333AlgeriaLibyaTunisiaAlgeria/Libya/Tunisia/ALG LIBY TUN
77%
-1.066.666.6673.048.333.333RwandaTanzaniaUgandaRwanda/Tanzania/Uganda/RWA TAN UGA
76%
4.877.111.1111.383.944.444AustriaCzech RepublicGermanyAustria/Czech Republic/Germany/AUSTRI CZE GER
76%
4.085.166.6672.098.333.333AlbaniaGreeceMacedoniaAlbania/Greece/Macedonia/ALB GREE MAC
74%
4.216.666.66734KenyaSouth SudanUgandaKenya/South Sudan/Uganda/KEN S.SUD UGA
74%
29.861608.828AfghanistanIranPakistanAfghanistan/Iran/Pakistan/AFG IRAN PAK
74%
19.154.266.666.667AlgeriaMaliNigerAlgeria/Mali/Niger/ALG MALI NIGER
74%
1.043.333.333-5.516.666.667Burkina FasoCôte d'IvoireMaliBurkina Faso/Côte d'Ivoire/Mali/BURK COT MALI
73%
4.916.666.6678.781.666.667ChinaMongoliaRussiaChina/Mongolia/Russia/ (W)CHIN MONG RUS (W)
72%
4.421.666.6672.268.333.333BulgariaRomaniaSerbiaBulgaria/Romania/Serbia/BUL ROM SER
72%
49.851.167.166.667ChinaMongoliaRussiaChina/Mongolia/Russia/ (E)CHIN MONG RUS (E)
72%
495.1751.884.888.889Czech RepublicPolandSlovakiaCzech Republic/Poland/Slovakia/CZE POL SLOVA
72%
2225EgyptLibyaSudanEgypt/Libya/Sudan/EGY LIBY SUD
72%
-4.216.666.667-6.993.333.333BrazilColombiaPeruBrazil/Colombia/Peru/BRA COL PER
70%
-17.5-6.948.333.333BoliviaChilePeruBolivia/Chile/Peru/BOL CHIL PER
70%
4.752.916.6679.611.388.889AustriaGermanySwitzerlandAustria/Germany/Switzerland/AUSTRI GER SWI
70%
9.483.333.333-2.683.333.333Burkina FasoCôte d'IvoireGhanaBurkina Faso/Côte d'Ivoire/Ghana/BURK COT GHA
70%
5.150.472.2222.362.472.222BelarusPolandUkraineBelarus/Poland/Ukraine/BELA POL UKR
69%
459.2257.041.388.889FranceItalySwitzerlandFrance/Italy/Switzerland/FRA ITA SWI
69%
3.333.333.3333.576.666.667IsraelLebanonSyriaIsrael/Lebanon/Syria/ISR LEB SYR
69%
3.963.333.3334.481.666.667AzerbaijanIranTurkeyAzerbaijan/Iran/Turkey/AZE IRAN TURKE
68%
38.07.0051.04.00AzerbaijanIranTurkmenistanAzerbaijan/Iran/Turkmenistan/AZE IRAN TURKM
68%
2.166.666.66713.03CameroonGabonRepublic of the CongoCameroon/Gabon/Republic of the Congo/CAME GAB ROC
68%
3.561.666.6676.128.333.333AfghanistanIranTurkmenistanAfghanistan/Iran/Turkmenistan/AFG IRAN TURKM
68%
-0.116666667-75.25ColombiaEcuadorPeruColombia/Ecuador/Peru/COL ECU PER
68%
22.075.521.666.667OmanSaudi ArabiaUnited Arab EmiratesOman/Saudi Arabia/United Arab Emirates/OMA SAU UAE
68%
-2.476.666.66720BotswanaNamibiaSouth AfricaBotswana/Namibia/South Africa/BOT NAM S.AFR
68%
5.616.194.4442.815.722.222BelarusLatviaRussiaBelarus/Latvia/Russia/BELA LAT RUS
68%
35.06.0076.08.00ChinaIndiaPakistanChina/India/Pakistan/CHIN INDI PAK
67%
2.166.666.6671.133.333.333CameroonEquatorial GuineaGabonCameroon/Equatorial Guinea/Gabon/CAME EQU GAB
67%
2.351.666.66712AlgeriaLibyaNigerAlgeria/Libya/Niger/ALG LIBY NIGER
67%
7.566.666.667-8.466.666.667Côte d'IvoireGuineaLiberiaCôte d'Ivoire/Guinea/Liberia/COT GUINEA LIBE
67%
2.776.666.66791.65BhutanChinaIndiaBhutan/China/India/ (E)BHU CHIN INDI (E)
66%
2.733.333.3338.891.666.667BhutanChinaIndiaBhutan/China/India/ (W)BHU CHIN INDI (W)
66%
1.016.666.667-7.966.666.667Côte d'IvoireGuineaMaliCôte d'Ivoire/Guinea/Mali/COT GUINEA MALI
66%
4.795.444.4442.289.722.222HungaryRomaniaUkraineHungary/Romania/Ukraine/HUN ROM UKR
66%
4.908.722.2222.256.305.556PolandSlovakiaUkrainePoland/Slovakia/Ukraine/POL SLOVA UKR
66%
4.243.333.3331.306.166.667ChinaNorth KoreaRussiaChina/North Korea/Russia/CHIN NORT RUS
66%
4.646.666.6671.661.666.667CroatiaHungarySloveniaCroatia/Hungary/Slovenia/CRO HUN SLOVE
64%
4.591.666.66718.09CroatiaHungarySerbiaCroatia/Hungary/Serbia/CRO HUN SER
64%
-1.763.333.3332.346.666.667AngolaNamibiaZambiaAngola/Namibia/Zambia/ANG NAM ZAM
64%
-2.016.666.667-5.816.666.667BoliviaBrazilParaguayBolivia/Brazil/Paraguay/BOL BRA PAR
64%
-1.093.333.333-6.956.694.444BoliviaBrazilPeruBolivia/Brazil/Peru/BOL BRA PER
64%
418.7752.059.444.444AlbaniaKosovoMacedoniaAlbania/Kosovo/Macedonia/ALB KOS MAC
64%
3.466.666.6671.861.666.667Central African RepublicDemocratic Republic of the CongoRepublic of the CongoCentral African Republic/Democratic Republic of the Congo/Republic of the Congo/CAR DRC ROC
64%
2.156.666.667101.15.00ChinaLaosMyanmarChina/Laos/Myanmar/CHIN LAO MYA
64%
4.255.611.1112.007.861.111AlbaniaKosovoMontenegroAlbania/Kosovo/Montenegro/ALB KOS MONT
64%
448.5251.901.055.556Bosnia and HerzegovinaCroatiaSerbiaBosnia and Herzegovina/Croatia/Serbia/BOS CRO SER
63%
41.05.0051AzerbaijanKazakhstanTurkmenistanAzerbaijan/Kazakhstan/Turkmenistan/AZE KAZ TURKM
63%
5.075.444.4446.020.833.333BelgiumGermanyNetherlandsBelgium/Germany/Netherlands/BELG GER NET
62%
5.395.472.2222.351.666.667BelarusLithuaniaPolandBelarus/Lithuania/Poland/BELA LIT POL
62%
-2.43.056.666.667BurundiRwandaTanzaniaBurundi/Rwanda/Tanzania/BURU RWA TAN
62%
-13.391.666.667KenyaTanzaniaUgandaKenya/Tanzania/Uganda/KEN TAN UGA
62%
4.023.333.3337.098.333.333KyrgyzstanTajikistanUzbekistanKyrgyzstan/Tajikistan/Uzbekistan/KYR TAJ UZB
62%
4.113.333.3334.346.666.667ArmeniaGeorgiaTurkeyArmenia/Georgia/Turkey/ARM GEO TURKE
62%
4.131.666.66756KazakhstanTurkmenistanUzbekistanKazakhstan/Turkmenistan/Uzbekistan/KAZ TURKM UZB
62%
371.116423.633IraqSyriaTurkeyIraq/Syria/Turkey/IRAQ SYR TURKE
61%
4.134.361.1112.294.444.444BulgariaGreeceMacedoniaBulgaria/Greece/Macedonia/BUL GREE MAC
61%
1.233.333.333-66.85BrazilColombiaVenezuelaBrazil/Colombia/Venezuela/BRA COL VEN
61%
6.905.972.2222.054.694.444FinlandNorwaySwedenFinland/Norway/Sweden/FIN NORW SWE
61%
17.08-8.914.833.333BelizeGuatemalaMexicoBelize/Guatemala/Mexico/BELI GUA MEX
61%
2.198.333.33392.06.00BangladeshIndiaMyanmarBangladesh/India/Myanmar/BAN INDI MYA
61%
4.256.222.22218.45Bosnia and HerzegovinaCroatiaMontenegroBosnia and Herzegovina/Croatia/Montenegro/BOS CRO MONT
60%
4.686.916.6671.611.361.111AustriaHungarySloveniaAustria/Hungary/Slovenia/AUSTRI HUN SLOVE
60%
4.800.666.6671.716.055.556AustriaHungarySlovakiaAustria/Hungary/Slovakia/AUSTRI HUN SLOVA
60%
48.40522.14HungarySlovakiaUkraineHungary/Slovakia/Ukraine/HUN SLOVA UKR
60%
2.333.333.333-54.55BrazilFranceSurinameBrazil/France/Suriname/BRA FRA SUR
60%
42.08.0049.09.00AzerbaijanKazakhstanRussiaAzerbaijan/Kazakhstan/Russia/AZE KAZ RUS
59%
41.09.004.640.194.444AzerbaijanGeorgiaRussiaAzerbaijan/Georgia/Russia/AZE GEO RUS
59%
19.0524ChadLibyaSudanChad/Libya/Sudan/CHA LIBY SUD
58%
5.016.666.66727.45.00Central African RepublicDemocratic Republic of the CongoSouth SudanCentral African Republic/Democratic Republic of the Congo/South Sudan/CAR DRC S.SUD
58%
5.0435.03.00EthiopiaKenyaSouth SudanEthiopia/Kenya/South Sudan/ETH KEN S.SUD
58%
3.983.333.33341.09.00EthiopiaKenyaSomaliaEthiopia/Kenya/Somalia/ETH KEN SOM
58%
490.998873.123ChinaKazakhstanRussiaChina/Kazakhstan/Russia/CHIN KAZ RUS
58%
4.351.666.6671.921.666.667Bosnia and HerzegovinaMontenegroSerbiaBosnia and Herzegovina/Montenegro/Serbia/BOS MONT SER
57%
4.231.666.6672.236.666.667BulgariaMacedoniaSerbiaBulgaria/Macedonia/Serbia/BUL MAC SER
57%
0,107638889-5.648.333.333BrazilGuyanaSurinameBrazil/Guyana/Suriname/BRA GUY SUR
56%
9.053.410.666.667EthiopiaSouth SudanSudanEthiopia/South Sudan/Sudan/ETH S.SUD SUD
56%
5.183.333.333-6.076.666.667BrazilGuyanaVenezuelaBrazil/Guyana/Venezuela/BRA GUY VEN
56%
1.098.333.3334.296.666.667DjiboutiEthiopiaSomaliaDjibouti/Ethiopia/Somalia/DJI ETH SOM
56%
29.01.0046.55.00IraqKuwaitSaudi ArabiaIraq/Kuwait/Saudi Arabia/IRAQ KUW SAU
54%
3.971.666.6674.476.666.667ArmeniaAzerbaijanTurkeyArmenia/Azerbaijan/Turkey/ARM AZE TURKE
54%
1.308.333.3331.408.333.333CameroonChadNigeriaCameroon/Chad/Nigeria/CAME CHA NIGERIA
54%
4.758.972.2227.588.888.889FranceGermanySwitzerlandFrance/Germany/Switzerland/FRA GER SWI
54%
5.012.972.22261.375BelgiumGermanyLuxembourgBelgium/Germany/Luxembourg/BELG GER LUX
53%
-4.452.941.666.667BurundiDemocratic Republic of the CongoTanzaniaBurundi/Democratic Republic of the Congo/Tanzania/BURU DRC TAN
53%
4.171.194.4442.635.083.333BulgariaGreeceTurkeyBulgaria/Greece/Turkey/BUL GREE TURKE
53%
2.216.666.66716.02CameroonCentral African RepublicRepublic of the CongoCameroon/Central African Republic/Republic of the Congo/CAME CAR ROC
53%
32.7535.75IsraelJordanSyriaIsrael/Jordan/Syria/ISR JOR SYR
53%
11.092.04BeninBurkina FasoNigerBenin/Burkina Faso/Niger/BEN BURK NIGER
53%
32.15.0039.02.00IraqJordanSaudi ArabiaIraq/Jordan/Saudi Arabia/IRAQ JOR SAU
53%
1952OmanSaudi ArabiaYemenOman/Saudi Arabia/Yemen/OMA SAU YEM
53%
2315ChadLibyaNigerChad/Libya/Niger/CHA LIBY NIGER
53%
3.336.666.66738.08.00IraqJordanSyriaIraq/Jordan/Syria/IRAQ JOR SYR
53%
-22.22.936.666.667BotswanaSouth AfricaZimbabweBotswana/South Africa/Zimbabwe/BOT S.AFR ZIM
53%
1.111.666.6670Burkina FasoGhanaTogoBurkina Faso/Ghana/Togo/BURK GHA TOG
53%
57.5252.735.194.444EstoniaLatviaRussiaEstonia/Latvia/Russia/EST LAT RUS
52%
8.645.833.3332.423.583.333Central African RepublicSouth SudanSudanCentral African Republic/South Sudan/Sudan/CAR S.SUD SUD
52%
22.04102.15.00ChinaLaosVietnamChina/Laos/Vietnam/CHIN LAO VIE
51%
4.226.666.66770.95KazakhstanKyrgyzstanUzbekistanKazakhstan/Kyrgyzstan/Uzbekistan/KAZ KYR UZB
51%
1.468.333.333107.55.00CambodiaLaosVietnamCambodia/Laos/Vietnam/CAMB LAO VIE
51%
13.071.363.333.333ChadNigerNigeriaChad/Niger/Nigeria/CHA NIGER NIGERIA
51%
6.905.277.7782.893.333.333FinlandNorwayRussiaFinland/Norway/Russia/FIN NORW RUS
50%
20.351.000.833.333LaosMyanmarThailandLaos/Myanmar/Thailand/LAO MYA THA
50%
14.253.656.666.667EritreaEthiopiaSudanEritrea/Ethiopia/Sudan/ERI ETH SUD
50%
1.241.666.667-1.136.666.667GuineaMaliSenegalGuinea/Mali/Senegal/GUINEA MALI SEN
49%
4.130.194.4444.500.388.889ArmeniaAzerbaijanGeorgiaArmenia/Azerbaijan/Georgia/ARM AZE GEO
48%
5.087.027.7781.482.583.333Czech RepublicGermanyPolandCzech Republic/Germany/Poland/CZE GER POL
48%
-1.401.666.6673.321.666.667MalawiMozambiqueZambiaMalawi/Mozambique/Zambia/MALAW MOZ ZAM
48%
1.476.666.667-12.25MaliMauritaniaSenegalMali/Mauritania/Senegal/MALI MAURITA SEN
47%
1.442.166.667-8.935.055.556El SalvadorGuatemalaHondurasEl Salvador/Guatemala/Honduras/ELS GUA HON
47%
8.483.333.333-1.026.666.667GuineaLiberiaSierra LeoneGuinea/Liberia/Sierra Leone/GUINEA LIBE SIE
47%
-1.156.666.6673.496.666.667MalawiMozambiqueTanzaniaMalawi/Mozambique/Tanzania/MALAW MOZ TAN
47%
-25.953.196.666.667MozambiqueSouth AfricaSwazilandMozambique/South Africa/Swaziland/ (N)MOZ S.AFR SWA (N)
46%
-2.683.333.3333.213.333.333MozambiqueSouth AfricaSwazilandMozambique/South Africa/Swaziland/ (S)MOZ S.AFR SWA (S)
46%
38.8546.15.00ArmeniaAzerbaijanIranArmenia/Azerbaijan/Iran/ (W)ARM AZE IRAN (W)
46%
3.886.666.6674.653.333.333ArmeniaAzerbaijanIranArmenia/Azerbaijan/Iran/ (E)ARM AZE IRAN (E)
46%
37.15.004.478.333.333IranIraqTurkeyIran/Iraq/Turkey/IRAN IRAQ TURKE
46%
1.093.333.3332.286.666.667Central African RepublicChadSudanCentral African Republic/Chad/Sudan/CAR CHA SUD
44%
150.233333333Burkina FasoMaliNigerBurkina Faso/Mali/Niger/BURK MALI NIGER
44%
110.916666667BeninBurkina FasoTogoBenin/Burkina Faso/Togo/BEN BURK TOG
43%
1.433.333.3331.052.166.667CambodiaLaosThailandCambodia/Laos/Thailand/CAMB LAO THA
43%
4.221.666.66780.25.00ChinaKazakhstanKyrgyzstanChina/Kazakhstan/Kyrgyzstan/CHIN KAZ KYR
43%
-2.242.138.8893.130.888.889MozambiqueSouth AfricaZimbabweMozambique/South Africa/Zimbabwe/MOZ S.AFR ZIM
40%
3.946.666.66773.06.00ChinaKyrgyzstanTajikistanChina/Kyrgyzstan/Tajikistan/CHIN KYR TAJ
40%
11.073.06BeninNigerNigeriaBenin/Niger/Nigeria/BEN NIGER NIGERIA
40%
4.283.333.33320.35KosovoMontenegroSerbiaKosovo/Montenegro/Serbia/KOS MONT SER
39%
4.226.666.6672.158.333.333KosovoMacedoniaSerbiaKosovo/Macedonia/Serbia/KOS MAC SER
39%
4.954.611.1115.818.055.556BelgiumFranceLuxembourgBelgium/France/Luxembourg/BELG FRA LUX
38%
5.567.916.6672.663.333.333BelarusLatviaLithuaniaBelarus/Latvia/Lithuania/BELA LAT LIT
33%
4.946.944.4446.367.222.222FranceGermanyLuxembourgFrance/Germany/Luxembourg/FRA GER LUX
32%
1.268.333.333-1.371.666.667GuineaGuinea-BissauSenegalGuinea/Guinea-Bissau/Senegal/GUINEA GUINEA-B SEN
32%
1.246.666.66742.04.00DjiboutiEritreaEthiopiaDjibouti/Eritrea/Ethiopia/DJI ERI ETH
32%
-9.43.296.666.667MalawiTanzaniaZambiaMalawi/Tanzania/Zambia/MALAW TAN ZAM
31%
-1.778.777.7782.525.666.667BotswanaNamibiaZambiaBotswana/Namibia/Zambia/BOT NAM ZAM
31%
7.533.333.33315.05CameroonCentral African RepublicChadCameroon/Central African Republic/Chad/CAME CAR CHA
29%
-1.561.666.6673.041.666.667MozambiqueZambiaZimbabweMozambique/Zambia/Zimbabwe/MOZ ZAM ZIM
27%
-1.779.888.8892.527.027.778BotswanaZambiaZimbabweBotswana/Zambia/Zimbabwe/BOT ZAM ZIM
27%
543.6252.279.055.556LithuaniaPolandRussiaLithuania/Poland/Russia/LIT POL RUS
26%
4.611.666.66720.25HungaryRomaniaSerbiaHungary/Romania/Serbia/HUN ROM SER
24%
-8.23.076.666.667Democratic Republic of the CongoTanzaniaZambiaDemocratic Republic of the Congo/Tanzania/Zambia/DRC TAN ZAM
22%

Score Distribution

Percentile by Number Answered

Percent of People with Each Score

Your Score History

You have not taken this quiz